[Event "Mermaid Beach Club"]
[Site "Bermuda"]
[Date "1999.01.29"]
[Round "9"]
[White "Pelletier, Yannick"]
[Black "Elbilia, Jacques"]
[Result "1-0"]
[WhiteElo "2483"]
[BlackElo "2360"]
[Annotator "Ribli,Z"]
[PlyCount "41"]
[EventDate "1999.01.21"]
[EventType "tourn"]
[EventRounds "13"]
[EventCountry "BER"]
[EventCategory "9"]
[SourceTitle "CBM 069"]
[Source "ChessBase"]
[SourceDate "1999.04.01"]
[SourceVersion "1"]
[SourceVersionDate "1999.04.01"]
[SourceQuality "1"]

1. Nf3 c5 2. c4 b6 3. Nc3 Bb7 4. e4 g6 $6 {Schwarz möchte auch den zweiten
Läufer auf die lange Diagonale stellen, aber das ist bereits verdächtig, weil
es zu viel Zeit kostet. Meines Erachtens muß Schwarz stattdessen 4...e6 mit
möglicher Igelstellung spielen. Ribli.} (4... d6 5. d4 cxd4 6. Nxd4 g6 7. Bd3
Bg7 8. Bc2 Nd7 9. O-O Ngf6 10. Bg5 O-O 11. Qd2 Rc8 12. b3 Re8 13. Rac1 a6 14.
Bb1 Qc7 15. Rfd1 Qb8 16. Nde2 $6 b5 17. cxb5 axb5 18. f3 b4 19. Na4 d5 $36 {
0-1 Moravec,M-Varejcko,J/CZE 1997/EXT 99 (35)}) (4... Nf6 5. e5 Ng4 6. h3 Nh6
7. d4 $14) 5. d4 (5. d3 Bg7 6. g3 Nc6 7. Bg2 d6 8. Be3 Nf6 9. h3 O-O 10. O-O
Nd7 11. d4 cxd4 12. Nxd4 Nce5 13. Qe2 Rc8 14. b3 a6 15. Rac1 Nc5 16. Rfd1 Nc6 {
0-1 Jovanovic,R-Lazarevic,M/Ohrid 1971/EXT 99 (35)}) 5... cxd4 6. Qxd4 $5 {
[%cal Rd4h8] In dieser konkreten Stellung ist das die angezeigte Fortsetzung,
aber auch nach 6.Nxd4 hat Weiß großen Raumvorteil. Der Textzug ist hingegen
ein wenig riskant, denn Weiß wird viele Tempi mit der Dame verlieren.} (6. Nxd4
Bg7 7. Be2 Nf6 8. f3 d6 9. O-O O-O 10. Bg5 h6 11. Be3 Nbd7 12. Rc1 Rc8 13. Qd2
Kh7 14. b3 Rg8 15. Nd5 a6 16. a4 e5 17. Nxf6+ Bxf6 18. Nc2 Nc5 19. Rb1 Bg5 20.
Rfd1 Bxe3+ {1/2-1/2 Orr,M-Meulders,R/Thessaloniki 1984/EXT 97-B (20)}) 6... Nf6
(6... f6 {Dieser Zug sieht zwar katastrophal aus, ist aber in Wirklichkeit
nicht so schlimm.} 7. Be3 $14) 7. e5 Nc6 (7... Bxf3 $6 8. exf6 Nc6 9. Qf4 $16 {
[%csl Rf3]} (9. fxe7 Qxe7+ 10. Qe3 Nb4 $132)) 8. Qh4 {Schwarz hat jetzt große
Probleme mit der Aufstellung des f6-Springers. Anderseits ist der weiße
e5-Bauer ein Angriffsobjekt für Schwarz.} (8. Qf4 $5 Nh5 9. Qe3 Qb8 (9... Bg7
10. Bd3 $13 (10. g4 Nb4 {[%cal Rb4c2,Rc2e3,Rc2a1,Rc2e1]} 11. Kd1 Bh6 $17)) 10.
Be2 Ng7 11. Nd5 Ne6 12. Bd2 Bg7 13. Bc3 b5 14. cxb5 Nxe5 15. Bxe5 Bxe5 16. Nxe5
Bxd5 17. Rd1 Bxg2 18. Rg1 Bb7 19. Rxd7 O-O 20. Bc4 Bc8 21. Nxg6 Qxh2 22. Nxe7+
Kh8 23. Qc3+ f6 24. Qxf6+ {1-0 Contin,D-Rodriguez,J/ARG-ch 1989/EXT 97 (24)})
8... Nh5 (8... Ng8 9. Bf4 $32) 9. Nd5 {Mit dieser Fortsetzung verhindert Weiß
die schwarze Drohungen. 9...Nb4 geht nicht, die Diagonale a8-h1 ist
geschlossen und nach 9...Bg7 kommt stark 10.g4.} (9. Bd3 Bg7 10. Be4 Qb8) 9...
Qb8 $13 (9... Bg7 10. g4 Nxe5 11. Nxe5 Bxe5 12. gxh5 e6 13. Bg5 f6 14. Nxf6+ {
1-0 Fauland,A-Bruhlhart,U/San Bernardino 1989/EXT 97 (14)}) (9... e6 10. Bg5
Qb8 11. Nf6+ Nxf6 12. Bxf6 $16) 10. Qg5 e6 (10... Bg7 11. g4 h6 (11... e6 12.
gxh5 exd5 13. Bf4 $14) 12. Qe3 e6 13. gxh5 exd5 14. hxg6 $13) 11. Nf6+ Nxf6 12.
exf6 (12. Qxf6 Rg8 $17 {[%csl Re5,Rf6][%cal Rf8g7,Rg7e5,Rf8b4,Rb4e1]}) 12... h6
(12... Nb4 $5 $15 {[%csl Re1][%cal Rb4c2,Rc2e1,Rc2a1]}) 13. Qg3 Bd6 $6 (13...
Qd8 $5 {[%csl Rf6]} 14. Qh4 Rg8 {[%cal Rg6g5]} (14... g5 $2 15. Bxg5 $16)) (
13... Qxg3 14. hxg3 Nb4 $15) 14. Qh4 Nb4 $15 {[%csl Re1][%cal Rb4c2,Rc2a1,
Rc2e1]} 15. Rb1 Nxa2 {Schwarz hat einen Mehrbauern und eine sichere Stellung.
Es ist schwer vorstellbar, daß er 6 Züge später aufgeben muß.} 16. Bd2 Bb4 (
16... Nb4 17. Be2 $15) 17. Qd4 {[%csl Ra2]} Bxf3 (17... Bc5 18. Qg4 Nb4 $17)
18. gxf3 Bxd2+ (18... Qd6 $15 {[%mdl 8256]}) 19. Qxd2 Qe5+ $2 {Ein natürliches
Schach, das aber dem Weißen große Hilfestellung leistet.} (19... a5 $5 $17 {
[%cal Ga2b4]}) 20. Be2 a5 $2 (20... Qg5 21. f4 (21. Qd6 Qc5 $17) 21... Qxf6 22.
Ra1 $14) 21. Ra1 {und Schwarz gab auf, denn sein Springer ist verloren.} (21.
Ra1 {[%csl Ra2]} Nb4 22. Qxb4 axb4 23. Rxa8+ $18 {[%csl Re8]}) 1-0

[Event "USA-ch"]
[Site "Seattle"]
[Date "2003.01.18"]
[Round "9"]
[White "Kraai, Jesse"]
[Black "De Firmian, Nick E"]
[Result "0-1"]
[WhiteElo "2453"]
[BlackElo "2537"]
[Annotator "Ribli,Z"]
[PlyCount "108"]
[EventDate "2003.01.09"]
[EventType "swiss"]
[EventRounds "9"]
[EventCountry "USA"]
[SourceTitle "CBM 093"]
[Source "ChessBase"]
[SourceDate "2003.04.01"]
[SourceVersion "1"]
[SourceVersionDate "2003.04.01"]
[SourceQuality "1"]

1. Nf3 c5 2. c4 Nc6 3. Nc3 e5 {Diese Zugfolge ist sehr populär in der letzten
Zeit - Schwarz hat keine Angst vor der Schwaechung des Punktes d5 und möchte
in einigen Varianten d7 - d5 ziehen.} 4. e3 Nf6 (4... f5 $5) 5. Be2 (5. d4 cxd4
6. exd4 e4 7. Ng5 Bb4 $13) 5... d5 6. d4 $5 {[%mdl 4] Dieser Bauernzug ist
viel besser, als der automatische Bauerntausch auf d5.} (6. cxd5 Nxd5 7. Bb5
Nxc3 8. bxc3 Bd6 $11) 6... e4 (6... exd4 7. exd4 {Auf diese Weise wir
erreichen die Variante 1. e4 c5 2.Nf3 e6 3.c4 Nc6 4.Nc3 Nf6 5.Be2 d5 6.exd5
exd5 7.d4, in der Weiß in der symmetrische Stellung ein Tempo mehr hat.}) 7.
Ne5 Bd6 8. cxd5 {Dieser Zug ist nicht schlecht, aber die Alternative - 8.Qa4 -
kommt stark in Betracht.} (8. Qa4 $1 {Nach diesem Damenzug hat Weiß gute
Chancen auf die Erlangung eines Eröffnungsvorteils.}) 8... Nxe5 9. dxe5 Bxe5
10. Nxe4 Nxd5 (10... Nxe4 $5 11. Qa4+ {[%cal Ra4e4,Ra4e8]} Bd7 12. Qxe4 Qe7 13.
Bd3 (13. O-O $4 Bxh2+ $19 {[%cal Rh2g1,Re7e4]}) (13. f4 $4 Bc3+ $19 {[%cal
Rc3e1,Re7e4]}) (13. Bd2 Bxb2 14. Qxe7+ Kxe7 15. Rb1 Be5 16. Rxb7 Rhb8 $36)
13... f5 14. Qc4 b5 15. Qc2 O-O 16. O-O c4 $44) 11. f4 (11. O-O $5 O-O (11...
Bxh2+ $4 12. Kxh2 Qh4+ 13. Kg1 Qxe4 14. Bf3 $18) 12. f4 (12. Nxc5 $6 Qd6 $1)
12... Bf6 13. Bf3 $36 (13. Nxc5 $5 $16)) 11... Bc7 12. Bb5+ {Mit diesem Zug
gewinnt Weiß endlich einen Bauern, aber der Textzug hilft Schwarz in der
Entwicklung.} (12. O-O O-O 13. Bf3 $36 (13. Nxc5 Bb6 $44)) 12... Bd7 13. Bxd7+
(13. Qxd5 $6 Bxb5 14. Qxd8+ Rxd8 15. Nxc5 Bc6 $44 {[%csl Gc6,Gc7] Schwarz hat
mehr als genuegende Kompensation fuer den Bauern, sein Läuferpaar ist stark.})
13... Qxd7 14. Nxc5 Qc6 $44 {Schwarz hat genügend Kompensation für den Bauern
- der weiße Pe3 ist eine "ewige" Schwäche.} 15. Qa4 b5 (15... Qxa4 $1 16. Nxa4
O-O-O $44 {[%cal Gh8e8,Ge8e1]}) 16. Qe4+ Kf8 {[%cal Ra8e8,Re8e1]} 17. Nd3 Re8 (
17... Qc4 $5) 18. Ne5 Qe6 19. O-O Bxe5 (19... f6 $6 20. Rd1 fxe5 21. Rxd5 exf4
22. Qxe6 Rxe6 23. exf4 $16) 20. fxe5 Qxe5 21. Qd3 $1 $14 {Zwar ist die weiße
Bauernstellung schlecht wegen des e3-Bauern, aber Schwarz hat Probleme seinen
Königsturm ins Spiel zu bringen, weil der Kf8 die natürliche Entwicklung
verhindert.} (21. Qxe5 Rxe5 22. Bd2 Ke7 23. Rac1 Rd8 $15) 21... Ne7 (21... Nxe3
$4 22. Re1 $18) 22. Bd2 {[%cal Rd2c3,Rc3e5]} f6 (22... Qd5 23. Qe2 $14) 23.
Rad1 Kf7 (23... Qxb2 24. Bc3 Qa3 25. Qd4 {Droht 26.Rxf6+.} Qa6 26. e4 $44) 24.
Bc3 Qe6 25. Qxb5 Rd8 (25... Qxe3+ 26. Kh1 $16) 26. Qh5+ Ng6 27. Rde1 {Weiß hat
einen Bauern mehr und es gibt keine Kompensation für Schwarz.} (27. Bd4 $16)
27... Rd5 28. Qe2 Re8 29. e4 Rd7 30. a3 Kg8 31. Kh1 Red8 {[%cal Gd8d1] Schwarz
hat aktives Spiel, so dass die Verwertung des weißen Materialvorteils nicht
leicht ist.} 32. h3 Rd3 33. Rf3 R3d7 {Schwarz muss die Figuren auf dem Brett
behalten. Vereinfachungen sind nur vorteilhaft für Weiß.} (33... Rxf3 $2 34.
Qxf3 $16) 34. Qb5 a6 35. Qf5 Qc6 36. Rfe3 Re8 37. Qf1 (37. b4 $14) 37... Rde7
38. Bb4 Re6 (38... Rxe4 $2 39. Rxe4 Rxe4 40. Rxe4 Qxe4 41. Qxa6 Nf4 42. Qc8+
Kf7 43. Qd7+ Kg8 44. Qd2 $16) 39. Rc3 Qb7 (39... Qa8 $5) 40. Qc4 Kh8 41. Qc7
Qa8 (41... Qxc7 $6 42. Rxc7 h6 43. Ra7 $16) 42. Qd7 Ne5 (42... Rxe4 43. Rxe4
Qxe4 44. Rc8 Rg8 45. Rxg8+ Kxg8 46. Qc8+ Kf7 47. Qxa6 $16) 43. Qd5 h6 44. Rc7 (
44. Qxa8 $1 Rxa8 45. Rd1 $16) 44... Qb8 45. Rec1 Qb6 46. Qd2 $6 (46. b3 $14)
46... Qb5 {[%csl Gb5][%cal Ge5d3]} 47. Rd1 Rc6 48. Ra7 (48. Rxc6 Qxc6 49. Qd5
Qc2 50. Bc3 $14) 48... Qc4 49. Bc3 $2 (49. Qe1 Qc2 50. Rd2 Qc4 51. Bc3 $14)
49... Qxe4 $11 {Schwarz hat den Bauern zurückgewonnen, die Stellung ist gleich.
} 50. Re1 Qg6 51. Qd5 (51. Bxe5 $6 fxe5 $5 $15 (51... Rxe5 52. Rxe5 fxe5 53.
Ra8+ Kh7 54. Qd8 Qe4 $13)) 51... Rce6 52. Qb7 Nf3 $5 53. Rf1 $6 (53. Rxe6 $4
Qb1+ 54. Be1 Qxe1+ $19) (53. Qxf3 Rxe1+ 54. Bxe1 Rxe1+ 55. Kh2 $11) 53... Nh4
$15 54. Rxa6 $4 {[%mdl 8192] Ein unglaublicher Fehler in haltbarer Stellung.} (
54. Ra8 Rxa8 55. Qxa8+ Kh7) 54... Rxa6 0-1

[Event "EU-ch 2nd"]
[Site "Ohrid"]
[Date "2001.06.09"]
[Round "8"]
[White "Zvjaginsev, Vadim"]
[Black "Luther, Thomas"]
[Result "1/2-1/2"]
[WhiteElo "2627"]
[BlackElo "2568"]
[Annotator "Ribli,Z"]
[PlyCount "86"]
[EventDate "2001.06.01"]
[EventType "swiss"]
[EventRounds "13"]
[EventCountry "YUG"]
[SourceTitle "CBM 084"]
[Source "ChessBase"]
[SourceDate "2001.09.13"]
[SourceVersion "1"]
[SourceVersionDate "2001.09.13"]
[SourceQuality "1"]

1. c4 c5 2. Nf3 Nf6 3. Nc3 e6 4. e4 Nc6 5. Be2 d5 {Das ist die
Hauptfortsetzung. In der Folge jedoch behält Weiß in symmetrischer Stellung
etwas Initiative.} 6. exd5 (6. e5 $5) 6... exd5 7. d4 Be6 {Dieser Läuferzug
ist neben 7...Be7 die Hauptfortsetzung.} 8. Be3 dxc4 9. O-O cxd4 10. Nxd4 Nxd4
11. Bxd4 Be7 {Dieser natürliche Läuferzug erscheint mir logisch.} (11... Qa5
12. Bxf6 gxf6 13. Bf3 Rd8 14. Qc2 Bg7 15. Bxb7 O-O 16. Rad1 f5 17. Bf3 h6 18.
Rxd8 Rxd8 19. Rd1 Rxd1+ 20. Bxd1 {1-0 Malakhov,V-Bigaliev,R/Kolontaevo 1997/
EXT 99 (59)}) 12. Qa4+ Qd7 (12... Bd7 13. Qxc4 O-O 14. Rad1 Qa5 15. Bxf6 Be6
16. Nd5 Bxf6 17. Nxf6+ gxf6 18. Qh4 Qg5 19. Qa4 Bd5 20. g3 Bc6 21. Qa3 Qf5 22.
Rd4 {1-0 Baron Rodriguez,J-Perez Candelario,M/Linares 2000/CBM 75 (31)}) 13.
Qxd7+ (13. Nb5 O-O 14. Bxc4 Nd5 15. Qb3 Rfc8 16. Rfd1 Rxc4 17. Qxc4 Ne3 18. Qe2
Nxd1 19. Rxd1 Rd8 20. Nc3 Qc7 {1/2-1/2 Baron Rodriguez,J-Strikovic,A/Mondariz
1997/EXT 99 (82)}) 13... Nxd7 (13... Bxd7 14. Bxc4 O-O 15. Nd5 Bd8 16. Nxf6+
Bxf6 17. Bxf6 gxf6 18. Rfe1 Rfe8 19. Rad1 Rxe1+ 20. Rxe1 Rc8 21. Bd3 Be6 22. a3
Rd8 23. Rd1 Bf5 {1/2-1/2 Bologan,V-Brenninkmeijer,J/New York 1993/TD (42)}) 14.
Bxg7 {[%mdl 4] Es ist interessant, dass dieser natürliche Zug zuvor noch nie
gespielt wurde.} (14. f4 Bf6 15. Rad1 g6 16. Nb5 Ke7 17. Rfe1 Rhc8 18. Nd6 Kxd6
19. Bxf6+ Kc7 20. Bd4 Re8 21. Rc1 Bd5 22. b3 b5 23. bxc4 bxc4 24. Kf2 Nb6 {
0-1 Komliakov,V-Yuneev,A/Podolsk 1990/TD (49)}) (14. Nb5 O-O-O 15. Nxa7+ Kb8
16. Rac1 Bf6 17. Nb5 Ne5 18. Rfd1 Nd3 19. Bxf6 gxf6 20. Bxd3 cxd3 21. b3 Rhg8
22. f3 Rg5 23. Nc3 d2 24. Ra1 Bf5 25. Ne4 Bxe4 26. fxe4 Re5 27. Rab1 Rxe4 {
1/2-1/2 Drabke,L-Del Rio Angelis,S/Saint Vincent ITA 2001 (27)}) 14... Rg8 15.
Bh6 (15. Bd4 $5 Bc5 16. Nb5 (16. Rad1 O-O-O 17. Ne4 Bxd4 18. Rxd4 Ne5 $11)
16... Ke7 (16... Bd5 $6 17. Nc7+ Kd8 18. Nxd5 Bxd4 19. Bxc4 $16) (16... Bxd4
17. Nxd4 Bd5 18. Bf3 Bxf3 19. Nxf3 (19. Rfe1+ Kf8 20. Nxf3 Nc5 $11) 19... Nc5
20. Rfc1 $14) 17. Bxc5+ Nxc5 18. Nc7 Rac8 19. Nxe6 Nxe6 $11) 15... Bg5 {
Auf diese Weise bringt Schwarz seinen Turm ins Spiel.} 16. Bxg5 Rxg5 17. f4 Ra5
18. f5 {Dieser Zug führt zu Vereinfachungen, mit etwas besserer Bauernstruktur
für Weiß. Meiner Meinung nach bieten die Alternativen Weiß bessere Chancen auf
Eröffnungsvorteil.} (18. Rfe1 $5) (18. Rad1 $5) 18... Rxf5 19. Rxf5 Bxf5 20.
Bxc4 Kf8 $11 21. Rf1 Bg6 (21... Ne5 $5 22. Bd5 (22. Rxf5 Nxc4 23. b3 Nd6 $11)
22... Bd3 (22... Bg6 {Dieser Zug führt zu unserer Partiefortsetzung.})) 22. Bd5
Ne5 23. Ne4 (23. Bxb7 Rb8 {[%cal Gb8b2]} 24. Bd5 Rxb2 $11) 23... Rd8 (23... Rc8
$5 {[%cal Gc8c2]} 24. Bxb7 Rc2 25. Rf2 Rc1+ 26. Rf1 Rc2 $11) 24. Bxb7 Rd4 (
24... Rb8 $2 25. Nc5 $16) 25. Nc5 (25. Nf6 Rb4 $11) 25... Rd2 $44 {Schwarz hat
einen Bauern weniger, aber seine Figuren stehen aktiv.} 26. Re1 (26. Rf2 Rd1+
27. Rf1 Rd2) 26... Nd3 $5 (26... f6 $11) 27. Nxd3 Bxd3 {[%mdl 4096]} 28. Rc1 (
28. Re3 Rxb2 29. Rxd3 Rxb7 $11) 28... Rxb2 $11 29. Bd5 Ke7 30. Rc3 (30. Rc7+
Kd6 31. Rc3 Bb1 32. Bxf7 Bxa2 33. Bxa2 Rxa2 34. Rh3 a5 $11) 30... Bg6 31. Ra3
Kd6 32. Bf3 Bb1 33. Ra6+ (33. Rxa7 Bxa2 $11) 33... Ke5 34. a4 f5 35. Rxa7 Be4 {
Wie schon zuvor in dieser Partie hat Schwarz einen Bauern weniger, aber seine
Aktivität bedeutet ausreichende Kompensation.} 36. Rxh7 Bxf3 37. gxf3 Kf4 {
[%csl Gf4,Rg1][%cal Gb2h2]} 38. Rh4+ Kxf3 39. Rh3+ Ke2 40. Ra3 f4 {[%csl Gf4]
Alle schwarzen Figuren stehen sehr aktiv - der weiße materielle Vorteil hat
keinerlei Bedeutung.} 41. Kg2 Rb8 42. Ra2+ Ke3 43. Ra3+ Ke4 1/2-1/2

[Event "EU-ch 2nd"]
[Site "Ohrid"]
[Date "2001.06.09"]
[Round "8"]
[White "Akopian, Vladimir Eduardovic"]
[Black "Ruck, Robert"]
[Result "1-0"]
[WhiteElo "2654"]
[BlackElo "2557"]
[Annotator "Ribli,Z"]
[PlyCount "67"]
[EventDate "2001.06.01"]
[EventType "swiss"]
[EventRounds "13"]
[EventCountry "YUG"]
[SourceTitle "CBM 084"]
[Source "ChessBase"]
[SourceDate "2001.09.13"]
[SourceVersion "1"]
[SourceVersionDate "2001.09.13"]
[SourceQuality "1"]

1. Nf3 Nf6 2. c4 c5 3. g3 Nc6 4. Bg2 d5 5. cxd5 Nxd5 6. Nc3 {Natürlich wählt
Akopian nicht den Weg der Vereinfachungen (6.d4).} (6. d4 cxd4 7. Nxd4 Ndb4 8.
Nxc6 Qxd1+ 9. Kxd1 Nxc6 10. Bxc6+ bxc6 {Die weiße Bauernstruktur ist zwar
besser, aber Schwarz hat dank des Läuferpaares in etwa gleiche Chancen.}) 6...
Nc7 7. d3 (7. O-O e5 8. d3 Be7 9. Be3 {Dieser scheinbar natürliche
Entwicklungszug bietet Weiß keine Aussicht auf Eröffnungsvorteil.} O-O 10. Rc1
Bd7 11. Nd2 Rb8 12. Nde4 b6 13. f4 exf4 14. gxf4 Nd4 15. Ng3 Re8 16. Bf2 Bf8
17. e4 Bc8 18. Kh1 Ba6 {0-1 Stamenkov,V-Ruck,R/Ohrid MKD 2001 (34)}) 7... e5 8.
Nd2 Bd7 {Schwarz muss so spielen, sonst verschafft sich Weiß mit 9.Bxc6+
dauerhaften Vorteil.} 9. O-O Be7 10. Nc4 f6 (10... O-O 11. Bxc6 Bxc6 12. Nxe5
Be8 {Dieses Bauernopfer ist möglicherweise spielbar, aber seine Kompensation
ist - obwohl er das Läuferpaar besitzt - keine klare Sache.}) 11. f4 b5 12. Ne3
exf4 13. Nf5 $5 b4 (13... O-O 14. Bxf4 Bxf5 15. Bxc6 Bh3 16. Bxc7 Qxc7 17. Bxa8
Rxa8 18. Nd5 Qe5 19. Nxe7+ Qxe7 20. Rf2 {1-0 Saidy,A-Kaldor,A/Netanya 1973/MCD
(75)}) (13... f3 14. Bxf3 O-O 15. Nxe7+ Qxe7 16. Bf4 Ne6 17. Nxb5 Nxf4 18. gxf4
Rab8 19. Qc1 Kh8 20. Nc3 Nd4 21. Qd2 Nxf3+ 22. Rxf3 Bc6 23. Rg3 {1/2-1/2 Van
der Sterren,P-Farago,I/Amsterdam 1987/TD (54)}) (13... fxg3 14. Nxg7+ Kf7 15.
Nf5 gxh2+ 16. Kh1 Nd4 $5 $13 (16... Bxf5 17. Rxf5 Qd7 $13)) 14. Nxe7 (14. Na4
O-O 15. Bxf4 Ne6 16. Be3 Rc8 17. Bf2 Ned4 {0-1 Boersma,P-Witkowski,S/Groningen
1989/EXT 98 (42)}) 14... Qxe7 15. Ne4 {Weiß schlägt nicht auf f4 zurück,
sondern opfert einen Bauern. Hier verbessert Weiß seine frühere Spielweise.} (
15. Bxf4 bxc3 16. Bxc7 Rc8 17. Bf4 cxb2 18. Rb1 O-O 19. Rxb2 Nd4 20. Rb7 Nxe2+
21. Kh1 Nxf4 22. gxf4 a5 23. Ra7 Rfd8 {1/2-1/2 Akopian,V-Leko,P/Ubeda 1997/CBM
58/[Ribli] (54)}) 15... Ne6 {Schwarz verbessert seine Springerstellung.
Interessanter wäre die Alternative 15...fxg3, denn hier muss sich entscheiden,
ob Weiß ausreichende Kompensation für den Bauern bekommt oder nicht.} (15...
fxg3 $5 16. Bf4 Ne5 (16... gxh2+ 17. Bxh2 Ne5) 17. Rc1 (17. Bxg3 $5) 17... Ne6
18. Bxe5 fxe5 19. e3 gxh2+ 20. Kh1 h5 21. Qf3 Bc6 22. Qf5 Rh6 23. Nf6+ Rxf6 24.
Bxc6+ Kf8 25. Qxe5 Rd8 26. Qxh5 Kg8 {0-1 Nikolaidis,I-Lautier,J/Yerevan 1996/
EXT 97 (73)}) 16. gxf4 f5 {Das war seinerzeit mein Vorschlag aus der Analyse
der Partie Minasian,A - Grosar,A Pula 1997. Mit dem Textzug unterbindet
Schwarz 17.f5 und den damit verbundenen weißen Raumgewinn am Königsflügel.} (
16... O-O 17. f5 Ned4 18. Ng3 Rac8 19. Rf4 {[%cal Yf4h4,Yh4h7]} Rfd8 20. e3 Nb5
21. Bd5+ Kf8 22. Rh4 Qe5 23. e4 {1-0 Minasian,A-Grosar,A/Pula 1997/CBM 57 ext/
[Ribli] (48)}) 17. Ng3 {Dieser Springerzug scheint mir stärker als 17.Ng5,
wonach Schwarz seinen etwas schlecht postierten Ne6 abtauschen kann.} (17. Ng5
Nxg5 (17... O-O) 18. fxg5 O-O $13) 17... O-O {Die Stellung ist vollkommen
asymmetrisch - Weiß hat das Läuferpaar, Schwarz dafür zwei halboffene Linien.}
18. a3 $5 {[%mdl 4] Mit diesem Zug startet Weiß sein Spiel am Damenflügel und
beabsichtigt, seine Türme zu aktivieren.} Rab8 (18... a5 19. axb4 cxb4 (19...
axb4 $2 20. Nxf5 $16) 20. e3 $13 {Weiß hat Übergewicht im Zentrum, aber die
Stellung bleibt unklar.}) (18... bxa3 19. Rxa3 g6 $13 (19... Qd6 $13)) 19. axb4
Rxb4 (19... cxb4 $6 20. e4 fxe4 21. dxe4 $14 {[%csl Ge4,Gf4]}) 20. Ra6 $13 {
[%csl Ga6][%cal Ga6e6,Ga6a7] Der weiß Ra6 ist aktiv, aber auch Schwarz hat
seine Chancen.} Qd6 {Ein vielseitiger Zug - Schwarz verteidigt seinen Nc6 und
unterbindet den Zug Bd5.} (20... Rb6 21. Ra3 $36) 21. e3 Rb6 (21... Nc7 $5 22.
Ra3 Nb5 $13 (22... Nd5 $13)) 22. Ra3 Nb4 {Schwarz kümmert sich nicht um seinen
Pa7, sondern greift seinerseits den Pd3 an.} (22... a6) 23. Rxa7 Nxd3 24. Qc2
Bb5 (24... Nxc1 $2 25. Rxc1 $18 {Droht 26.Rd1 mit Figurengewinn. Gleichzeitig
hängt der Pf5.}) (24... Bc6 $5 $13) 25. Rd1 c4 (25... Ra6 26. Rb7 Nd4 (26...
Rb6 27. Rxb6 Qxb6 28. Rxd3 $18) 27. Qc3 $16) (25... Nexf4 $5 26. Bf1 (26. exf4
$2 Qd4+ 27. Kh1 Nf2+ $19) 26... c4 27. b3 $13) 26. b3 {Damit will Weiß die
Stellung des Nd3 schwächen.} Qb8 $4 {[%mdl 8192]} (26... Nexf4 $2 27. Bb2 $16)
(26... Qc5 27. bxc4 Bxc4 28. Bf1 Rb2 29. Qc3 (29. Bxb2 Qxe3+ 30. Kh1 Nf2+ $19)
29... Qxa7 (29... Rb3 30. Qa5) 30. Bxd3 (30. Qxc4 Ndxf4 $13) 30... Qa4 31. Re1
Rb4 (31... Qb4 32. Bxb2 Qxc3 33. Bxc3 Bxd3 $11) 32. Ba3 $11) 27. Ra8 $16 cxb3 (
27... Qc7 28. Rxf8+ Kxf8 (28... Nxf8 29. Rxd3 $18) 29. Ba3+ Kg8 30. bxc4 Qxc4
31. Qxc4 Bxc4 32. Nxf5 $16) 28. Qxb3 {[%csl Rd3][%cal Rb3g8,Ra8g8] Plötzlich
hängen alle schwarzen Figuren.} Qxa8 (28... Qd6 29. Ba3 $18) (28... Qc7 29.
Rxf8+ Kxf8 30. Ba3+ Ndc5 31. Rc1 $18) 29. Bxa8 Ndc5 (29... Nxc1 30. Rxc1 Rxa8
31. Nxf5 $18) 30. Qa3 Ra6 31. Qb4 $18 Ba4 (31... Rfxa8 32. Qxb5 $18) 32. Bd5
Bxd1 33. Qxc5 Bf3 {Der letzte "Trick" - 34.Bxf3?? wäre ganz schlecht wegen 34..
.Nxc5.} 34. Qc4 {[%cal Rc4a6,Rc4g8]} 1-0